Treble Classico - Statistics

Statistiche generali
  • Questo quiz è stato fatto 23 volte
  • Il punteggio medio è 10 su 10
Statistiche sulle risposte
Nazione Stagione del Triplete Squadra % Corretto
Paesi Bassi 1971-1972 Ajax
100%
Spagna 2008-2009 Barcellona
100%
Spagna 2014-2015 Barcellona
100%
Italia 2009-2010 Inter
100%
Inghilterra 1998-1999 Manchester United
100%
Scozia 1966-1967 Celtic
96%
Germania 2012-2013 Bayern Monaco
91%
Germania 2019-2020 Bayern Monaco
91%
Inghilterra 2022-2023 Manchester City
91%
Paesi Bassi 1987-1988 PSV
91%
Nessun quiz corrispondente trovato
Distribuzione punteggi
Percentuale di utenti per punteggio
Percentile per numero di risposta
I tuoi punteggi nel tempo
Non hai fatto questo quiz